000 01342cam a2200385 i 4500
999 _c74
_d74
001 17628815
003 Nust
005 20170321110610.0
008 130215s2012 pk abd s 010 0 eng
010 _a 2013352199
020 _a9789696030164 (v. 1)
020 _a9789696030171 (v. 2)
025 _aP-E-2013352199; 40
037 _bLibrary of Congress -- Islamabad Overseas Office
_cRs 600.00
040 _aDLC
_beng
_cDLC
_erda
041 0 _aeng
_aurd
042 _alcode
043 _aa-pk---
050 0 0 _aTA104.5
_b.P345 2012
082 _a104.5 HUS
245 0 0 _aPakistan Engineering Congress in retrospect, 1912-2012 :
_bcentenary celebrations /
_ccompiled and edited by Engr. Ch. Ghulam Hussain.
260 _aLahore :
_bPakistan Engineering Congress,
_c2012.
300 _a716 p.
_bcolor illustrations, maps, charts ;
_c29 cm
336 _atext
_2rdacontent
337 _aunmediated
_2rdamedia
338 _avolume
_2rdacarrier
500 _aIncludes statistical tables.
546 _aSome in Urdu.
610 2 0 _aPakistan Engineering Congress
_xHistory.
650 0 _aEngineering
_zPakistan
_xHistory.
700 1 _aHussain, Ch. Ghulam,
_ecompiler,
_eeditor.
710 2 _aPakistan Engineering Congress.
906 _a7
_bcbc
_corigode
_d2
_encip
_f20
_gy-gencatlg
942 _2ddc
_cBK
_k104.5 HUS